000 004420000a22001810004500
003 MACL
005 20150705162740.0
008 150705b xxu||||| |||| 00| 0 eng d
040 _aMACL
_cMACL
041 _aEnglish
082 _a824/KUN
100 _aKundu,Rama
_9968
245 _aThe Unfamililar Hardy A Fresh Look
260 _aNew Delhi
_bSarup Book Pub.
_c2011
350 _a1200
650 _aEassy
_9969
942 _cBK
_k824/KUN
_2ddc
999 _c47806
_d47806